000 00487nam a2200145Ia 4500
008 221007s9999 xx 000 0 und d
041 _aeng
082 _bDES
100 _aDeshmukh Prajakta H - 2K111028 & Prof .Sunil Batra - Guide
_9102312
245 _aTo Study the Process Time of Manufacturing of Non Return Valve & Find the Solution to Achieve Reduction in its Process Time
260 _c2013
_bPune University
_aPune
300 _a43p
520 _aBatra Sunil
906 _bGeneral
999 _c69474
_d69474